A manual of pharmacology and its applications to therapeutics and toxicology /

Bibliographic Details
Main Author: Sollmann, Torald Hermann, 1874-1965
Format: Book
Language:English
Published: Philadelphia, London : W.B. Saunders company, 1932.
Edition:4th ed.,
Subjects:

MARC

Tag First Indicator Second Indicator Subfields
LEADER 00000cam a2200000 i 4500
001 in00000043664
005 20151007074936.0
008 791129s1932 paua b 00110 eng d
010 |a  32013170  
035 |a (OCoLC)05742896 
035 |9 AAF2359AM 
040 |a KKP  |c KKP  |d TXA  |d UtOrBLW 
049 |a TXAM  |c [59961] 
050 0 |a RS187  |b .S67 1932 
082 0 |a 615.1 
092 |a 615.1  |b S688m4 
100 1 |a Sollmann, Torald Hermann,  |d 1874-1965. 
245 1 2 |a A manual of pharmacology and its applications to therapeutics and toxicology /  |c by Torald Sollmann ... 
250 |a 4th ed.,  |b thoroughly rev. 
264 1 |a Philadelphia,  |a London :  |b W.B. Saunders company,  |c 1932. 
300 |a 1 page ., 9-1237 pages :  |b illustrations, diagrams ;  |c 25 cm. 
336 |a text  |b txt  |2 rdacontent 
337 |a unmediated  |b n  |2 rdamedia 
338 |a volume  |b nc  |2 rdacarrier 
504 |a Bibliography: pages 1111-1218. 
650 0 |a Pharmacology. 
650 0 |a Therapeutics. 
650 0 |a Toxicology. 
999 |a MARS 
999 f f |s da19de33-0240-36a9-afc4-16acdf721c9a  |i 3ea8ca6d-51d9-37f3-8068-08cef1bef048  |t 0 
952 f f |p ric  |a Texas A&M University  |b Rellis Campus  |c Joint Library Facility  |d Remote Storage  |t 0  |e RS187 .S67 1932  |h Library of Congress classification  |i unmediated -- volume  |m A14801030275 
998 f f |a RS187 .S67 1932  |t 0  |l Remote Storage